| 000 | 00907nam a22002177a 4500 | ||
|---|---|---|---|
| 999 |
_c11411 _d11411 |
||
| 003 | AR-CdUCM | ||
| 008 | 190403b ||||| |||| 00| 0 spa d | ||
| 040 |
_aMUNICIPALIDAD PROVINCIAL DEL CUSCO _cBIBLIOTECA MUNICIPAL DEL CUSCO |
||
| 082 |
_a335.8 / _bL91 |
||
| 100 |
_aLosovski, A _928759 |
||
| 245 |
_aMarx y los sindicatos : _bEl marxismo revolucionario y el movimiento sindical / |
||
| 260 |
_aBuenos Aires : _bManuales de cultura Marxista, |
||
| 300 |
_a212 paginas ; _c18 cm. |
||
| 440 |
_aColección claridad _99379 |
||
| 505 | _aContenido : El lugar de los sindicatos en la lucha general de clases del proletariado -- Marx contra el proudhonismo y el bakuninismo -- La lucha contra el lassallismo y todas las variedades del oportunismo alemán ... | ||
| 650 |
_aMarx _94291 |
||
| 650 |
_aLos sindicatos _928760 |
||
| 650 |
_aEstructura de luchas _928761 |
||
| 942 |
_2ddc _cLIBROS |
||
| 945 | _awnts | ||